000 00784nam a2200289 a 4500
003 AR-BaBNM
005 20251128210724.0
008 082120s2002 ||||||||||||||000 | spa||
020 _a950-11-0684-5
040 _cAR-BaBNM
100 1 _aWalpole, Brenda
245 0 0 _aMovimiento
260 _aBuenos Aires
_bSigmar
_c1988
300 _a39 p.
_bil.
490 0 _aJugando con la ciencia
650 4 _aEXPERIMENTOS CIENTIFICOS
650 4 _aEXPERIMENTOS DE LABORATORIO
650 4 _aJUEGO
650 4 _aACTIVIDADES
653 _aENSEÑANZA DE LAS CIENCIAS NATURALES
653 _aMOVIMIENTO
700 1 _aJáuregui Lorda de Castro, Graciela
_etraductor
700 1 _aKuo, Kang Chen
_eilustrador
700 1 _aBull, Peter
_eilustrador
942 _cBK
998 _cRAQUEL
999 _c16607
_d16607